[Event "GER-ch Blitz 2019"]
[Site "Magdeburg"]
[Date "2019.05.25"]
[Round "16.6"]
[White "Krause, Benedict"]
[Black "Buhmann, Rainer"]
[Result "1/2-1/2"]
[WhiteElo "2434"]
[BlackElo "2573"]
[Annotator "ChessBase"]
[PlyCount "78"]
[EventDate "2019.05.25"]
[EventType "tourn"]
[EventCountry "GER"]
[Tiebreak "Number of wins+Number of black wins"]
[SourceTitle "playchess.com"]
[Source "ChessBase"]
[SourceQuality "1"]
[TimeControl "180+2"]

1. e4 {[%emt 0:00:00]} c6 {[%emt 0:00:00]} 2. d4 {[%emt 0:00:01]} d5 {[%emt 0:
00:00]} 3. Nd2 {[%emt 0:00:01]} dxe4 {[%emt 0:00:00]} 4. Nxe4 {[%emt 0:00:01]}
Nf6 {[%emt 0:00:02]} 5. Nxf6+ {[%emt 0:00:01]} exf6 {[%emt 0:00:01]} 6. c3 {
[%emt 0:00:01]} Bd6 {[%emt 0:00:02]} 7. Bd3 {[%emt 0:00:02]} O-O {[%emt 0:00:
02]} 8. Qc2 {[%emt 0:00:01]} Re8+ {[%emt 0:00:01]} 9. Ne2 {[%emt 0:00:01]} h5 {
[%emt 0:00:01]} 10. O-O {[%emt 0:00:04]} h4 {[%emt 0:00:02]} 11. Bf4 {[%emt 0:
00:07]} Na6 {[%emt 0:00:01]} 12. Bxd6 {[%emt 0:00:06]} Qxd6 {[%emt 0:00:02]}
13. Rae1 {[%emt 0:00:06]} Nc7 {[%emt 0:00:02]} 14. Qd2 {[%emt 0:00:03]} Be6 {
[%emt 0:00:04]} 15. a3 {[%emt 0:00:11]} a5 {[%emt 0:00:08]} 16. Qf4 {[%emt 0:
00:08]} Qxf4 {[%emt 0:00:02]} 17. Nxf4 {[%emt 0:00:01]} Kf8 {[%emt 0:00:22]}
18. f3 {[%emt 0:00:08]} b5 {[%emt 0:00:45]} 19. Nxe6+ {[%emt 0:00:11]} Rxe6 {
[%emt 0:00:06]} 20. Bf5 {[%emt 0:00:14]} Rxe1 {[%emt 0:00:17]} 21. Rxe1 {
[%emt 0:00:00]} Nd5 {[%emt 0:00:13]} 22. Be4 {[%emt 0:00:13]} Rb8 {[%emt 0:00:
14]} 23. Bxd5 {[%emt 0:00:17]} cxd5 {[%emt 0:00:02]} 24. Kf2 {[%emt 0:00:31]}
g6 {[%emt 0:00:08]} 25. g3 {[%emt 0:00:06]} hxg3+ {[%emt 0:00:05]} 26. hxg3 {
[%emt 0:00:00]} Rc8 {[%emt 0:00:07]} 27. g4 {[%emt 0:00:09]} Rc4 {[%emt 0:00:
05]} 28. Re3 {[%emt 0:00:06]} Rc8 {[%emt 0:00:29]} 29. Ke2 {[%emt 0:00:04]} Kg7
{[%emt 0:00:11]} 30. Kd3 {[%emt 0:00:02]} Rh8 {[%emt 0:00:02]} 31. Re7 {
[%emt 0:00:17]} Rh3 {[%emt 0:00:04]} 32. Ke3 {[%emt 0:00:02]} Rh2 {[%emt 0:00:
01]} 33. b4 {[%emt 0:00:00]} Ra2 {[%emt 0:00:05]} 34. bxa5 {[%emt 0:00:19]}
Rxa3 35. Kd2 Rxa5 {[%emt 0:00:04]} 36. Rd7 {[%emt 0:00:01]} Ra2+ {[%emt 0:00:
02]} 37. Kd3 {[%emt 0:00:01]} Ra3 {[%emt 0:00:07]} 38. Kd2 {[%emt 0:00:02]}
Ra2+ {[%emt 0:00:04]} 39. Kd3 {[%emt 0:00:01]} Ra3 {[%emt 0:00:01] Ke4} 1/2-1/2

[Event "GER-ch Blitz 2019"]
[Site "Magdeburg"]
[Date "2019.05.25"]
[Round "16.7"]
[White "Braeuer, Franz"]
[Black "Schneider, Ilja"]
[Result "1-0"]
[WhiteElo "2445"]
[BlackElo "2494"]
[Annotator "ChessBase"]
[PlyCount "59"]
[EventDate "2019.05.25"]
[EventType "tourn"]
[EventCountry "GER"]
[Tiebreak "Number of wins+Number of black wins"]
[SourceTitle "playchess.com"]
[Source "ChessBase"]
[SourceQuality "1"]
[TimeControl "180+2"]

1. e4 {[%emt 0:00:00]} d6 {[%emt 0:00:00]} 2. d4 {[%emt 0:00:01]} Nf6 {[%emt 0:
00:00]} 3. Nc3 {[%emt 0:00:01]} e5 {[%emt 0:00:01]} 4. Nf3 {[%emt 0:00:01]}
exd4 {[%emt 0:00:01]} 5. Nxd4 {[%emt 0:00:01]} Be7 {[%emt 0:00:00]} 6. g3 {
[%emt 0:00:02]} Nc6 {[%emt 0:00:02]} 7. Bg2 {[%emt 0:00:07]} O-O {[%emt 0:00:
03]} 8. O-O {[%emt 0:00:03]} Bg4 {[%emt 0:00:01]} 9. Nde2 {[%emt 0:00:04]} Qd7
{[%emt 0:00:11]} 10. b3 {[%emt 0:00:09]} Rfe8 {[%emt 0:00:03]} 11. Bb2 {
[%emt 0:00:00]} Bh3 {[%emt 0:00:01]} 12. Bxh3 {[%emt 0:00:19]} Qxh3 {[%emt 0:
00:02]} 13. Nf4 {[%emt 0:00:01]} Qd7 {[%emt 0:00:03]} 14. Kg2 {[%emt 0:00:11]}
Bf8 {[%emt 0:00:03]} 15. Re1 {[%emt 0:00:00]} Rad8 {[%emt 0:00:05]} 16. Qd2 {
[%emt 0:00:09]} Ne5 {[%emt 0:00:10]} 17. h3 {[%emt 0:00:04]} c6 {[%emt 0:00:08]
} 18. Rad1 {[%emt 0:00:01]} Ng6 {[%emt 0:00:08]} 19. Nxg6 {[%emt 0:00:14]} hxg6
{[%emt 0:00:01]} 20. a4 {[%emt 0:00:07]} Qc7 {[%emt 0:00:06]} 21. Qf4 {[%emt 0:
00:08]} a6 {[%emt 0:00:10]} 22. Nb1 {[%emt 0:00:30]} Re6 {[%emt 0:00:03]} 23.
Re3 {[%emt 0:00:09]} Rde8 {[%emt 0:00:12]} 24. Nd2 {[%emt 0:00:05]} Qe7 {
[%emt 0:00:09]} 25. Rde1 {[%emt 0:00:15]} d5 {[%emt 0:00:19]} 26. e5 {[%emt 0:
00:38]} Nd7 {[%emt 0:00:16]} 27. Nf3 {[%emt 0:00:02]} Qb4 {[%emt 0:00:17]} 28.
c4 {[%emt 0:00:25]} dxc4 {[%emt 0:00:12]} 29. Ng5 {[%emt 0:00:00]} R6e7 {
[%emt 0:00:09]} 30. Qh4 {[%emt 0:00:01]} 1-0

[Event "GER-ch Blitz 2019"]
[Site "Magdeburg"]
[Date "2019.05.25"]
[Round "16.8"]
[White "Carow, Johannes"]
[Black "Ehmann, Thilo"]
[Result "1/2-1/2"]
[WhiteElo "2445"]
[BlackElo "2291"]
[Annotator "NA"]
[PlyCount "39"]
[EventDate "2019.05.25"]
[EventType "tourn"]
[EventCountry "GER"]
[Tiebreak "Number of wins+Number of black wins"]
[SourceTitle "playchess.com"]
[Source "ChessBase"]
[SourceQuality "1"]
[TimeControl "180+2"]

1. Nf3 {[%emt 0:00:00]} c5 {[%emt 0:00:00]} 2. e3 {[%emt 0:00:02]} g6 {[%emt 0:
00:05]} 3. d4 {[%emt 0:00:03]} Bg7 {[%emt 0:00:00]} 4. Be2 {[%emt 0:00:11]} Nf6
{[%emt 0:00:08]} 5. d5 {[%emt 0:00:03]} d6 {[%emt 0:00:11]} 6. O-O {[%emt 0:00:
07]} O-O {[%emt 0:00:01]} 7. Nc3 {[%emt 0:00:06]} Bg4 {[%emt 0:00:17]} 8. a4 {
[%emt 0:00:14]} Nbd7 {[%emt 0:00:12]} 9. h3 {[%emt 0:00:03]} Bxf3 {[%emt 0:00:
01]} 10. Bxf3 {[%emt 0:00:01]} Ne8 {[%emt 0:00:03]} 11. e4 {[%emt 0:00:07]} Nc7
{[%emt 0:00:03]} 12. Re1 {[%emt 0:00:06]} a6 {[%emt 0:00:08]} 13. Be2 {[%emt 0:
00:10]} b6 {[%emt 0:00:16]} 14. Bg5 {[%emt 0:00:08]} Rb8 {[%emt 0:00:07]} 15.
Qd2 {[%emt 0:00:02]} Re8 {[%emt 0:00:00]} 16. Rab1 {[%emt 0:00:22]} b5 {
[%emt 0:00:24]} 17. axb5 {[%emt 0:00:02]} Nxb5 {[%emt 0:00:02]} 18. Bxb5 {
[%emt 0:00:19]} axb5 {[%emt 0:00:01]} 19. b4 {[%emt 0:00:01]} Qc7 {[%emt 0:00:
17]} 20. Ne2 {[%emt 0:00:40]} 1/2-1/2

[Event "GER-ch Blitz 2019"]
[Site "Magdeburg"]
[Date "2019.05.25"]
[Round "16.9"]
[White "Kopylov, Michael"]
[Black "Schulz, Karsten"]
[Result "1-0"]
[WhiteElo "2413"]
[BlackElo "2227"]
[Annotator "NA"]
[PlyCount "85"]
[EventDate "2019.05.25"]
[EventType "tourn"]
[EventCountry "GER"]
[Tiebreak "Number of wins+Number of black wins"]
[SourceTitle "playchess.com"]
[Source "ChessBase"]
[SourceQuality "1"]
[TimeControl "180+2"]

1. d4 {[%emt 0:00:00]} Nf6 {[%emt 0:00:00]} 2. c4 {[%emt 0:00:00]} g6 {[%emt 0:
00:00]} 3. g3 {[%emt 0:00:00]} Bg7 {[%emt 0:00:01]} 4. Bg2 {[%emt 0:00:01]} O-O
{[%emt 0:00:02]} 5. Nf3 {[%emt 0:00:00]} c6 {[%emt 0:00:01]} 6. O-O {[%emt 0:
00:10]} d5 {[%emt 0:00:02]} 7. cxd5 {[%emt 0:00:01]} cxd5 {[%emt 0:00:00]} 8.
Ne5 {[%emt 0:00:01]} Nc6 {[%emt 0:00:01]} 9. Nc3 {[%emt 0:00:01]} e6 {[%emt 0:
00:14]} 10. Nxc6 {[%emt 0:00:20]} bxc6 {[%emt 0:00:01]} 11. Na4 {[%emt 0:00:01]
} Nd7 {[%emt 0:00:05]} 12. Bf4 {[%emt 0:00:10]} Ba6 {[%emt 0:00:14]} 13. Rc1 {
[%emt 0:00:03]} Rc8 {[%emt 0:00:13]} 14. b3 {[%emt 0:00:06]} Re8 {[%emt 0:00:
16]} 15. Qd2 {[%emt 0:00:03]} e5 {[%emt 0:00:26]} 16. dxe5 {[%emt 0:00:02]}
Bxe5 {[%emt 0:00:01]} 17. Bxe5 {[%emt 0:00:08]} Rxe5 {[%emt 0:00:02]} 18. Rfe1
{[%emt 0:00:02]} c5 {[%emt 0:00:14]} 19. f4 {[%emt 0:00:19]} Re8 {[%emt 0:00:
14]} 20. Qxd5 {[%emt 0:00:14]} Qe7 {[%emt 0:00:13]} 21. e4 {[%emt 0:00:18]} Nb6
{[%emt 0:00:03]} 22. Nxb6 {[%emt 0:00:10]} axb6 {[%emt 0:00:01]} 23. Rcd1 {
[%emt 0:00:07]} Red8 {[%emt 0:00:16]} 24. Qe5 {[%emt 0:00:11]} Qxe5 {[%emt 0:
00:07]} 25. fxe5 {[%emt 0:00:01]} Kf8 {[%emt 0:00:09]} 26. Rd6 {[%emt 0:00:08]}
Rb8 {[%emt 0:00:10]} 27. Red1 {[%emt 0:00:04]} Ke7 {[%emt 0:00:01]} 28. Bh3 {
[%emt 0:00:06]} Bb5 {[%emt 0:00:05]} 29. Kf2 {[%emt 0:00:11]} Be8 {[%emt 0:00:
09]} 30. Ke3 {[%emt 0:00:02]} b5 {[%emt 0:00:02]} 31. a3 {[%emt 0:00:16]} Ra8 {
[%emt 0:00:03]} 32. Rxd8 {[%emt 0:00:06]} Rxd8 {[%emt 0:00:02]} 33. Rxd8 Kxd8 {
[%emt 0:00:01]} 34. b4 {[%emt 0:00:06]} cxb4 {[%emt 0:00:05]} 35. axb4 {
[%emt 0:00:00]} Kc7 {[%emt 0:00:01]} 36. Kd4 {[%emt 0:00:02]} Kb6 {[%emt 0:00:
03]} 37. e6 {[%emt 0:00:02]} f6 {[%emt 0:00:05]} 38. Kd5 {[%emt 0:00:05]} Kc7 {
[%emt 0:00:04]} 39. Kc5 {[%emt 0:00:05]} Bc6 {[%emt 0:00:07]} 40. Bf1 {[%emt 0:
00:07]} Be8 {[%emt 0:00:12]} 41. Bxb5 {[%emt 0:00:08]} Bxb5 {[%emt 0:00:04]}
42. Kxb5 Kd6 {[%emt 0:00:00]} 43. Ka6 {[%emt 0:00:03]} 1-0

[Event "GER-ch Blitz 2019"]
[Site "Magdeburg"]
[Date "2019.05.25"]
[Round "16.10"]
[White "Stern, Rene"]
[Black "Kirchner, Thomas"]
[Result "1-0"]
[WhiteElo "2538"]
[BlackElo "2311"]
[Annotator "ChessBase"]
[PlyCount "61"]
[EventDate "2019.05.25"]
[EventType "tourn"]
[EventCountry "GER"]
[Tiebreak "Number of wins+Number of black wins"]
[SourceTitle "playchess.com"]
[Source "ChessBase"]
[SourceQuality "1"]
[TimeControl "180+2"]

1. Nf3 {[%emt 0:00:00]} Nf6 {[%emt 0:00:00]} 2. c4 {[%emt 0:00:00]} g6 {
[%emt 0:00:00]} 3. Nc3 {[%emt 0:00:01]} Bg7 {[%emt 0:00:00]} 4. e4 {[%emt 0:00:
00]} d6 {[%emt 0:00:01]} 5. d4 {[%emt 0:00:01]} O-O {[%emt 0:00:01]} 6. Be2 {
[%emt 0:00:01]} b6 {[%emt 0:00:01]} 7. O-O {[%emt 0:00:03]} Bb7 {[%emt 0:00:00]
} 8. Qc2 {[%emt 0:00:02]} Nc6 {[%emt 0:00:03]} 9. d5 {[%emt 0:00:08]} Ne5 {
[%emt 0:00:07]} 10. Nxe5 {[%emt 0:00:03]} dxe5 {[%emt 0:00:00]} 11. f4 {
[%emt 0:00:15]} exf4 {[%emt 0:00:07]} 12. Bxf4 {[%emt 0:00:01]} Nd7 {[%emt 0:
00:01]} 13. Nb5 {[%emt 0:00:06]} Ne5 {[%emt 0:00:12]} 14. Qc3 {[%emt 0:00:01]}
Nd7 {[%emt 0:00:16]} 15. Qg3 {[%emt 0:00:05]} c6 {[%emt 0:00:05]} 16. Nc3 {
[%emt 0:00:25]} Nc5 {[%emt 0:00:12]} 17. Rad1 {[%emt 0:00:11]} Qd7 {[%emt 0:00:
53]} 18. e5 {[%emt 0:00:07]} cxd5 {[%emt 0:00:08]} 19. cxd5 {[%emt 0:00:02]}
Rad8 {[%emt 0:00:07]} 20. b4 {[%emt 0:00:13]} Na6 {[%emt 0:00:14]} 21. a3 {
[%emt 0:00:03]} Qc8 {[%emt 0:00:10]} 22. Rc1 Qa8 {[%emt 0:00:01]} 23. Rfd1 {
[%emt 0:00:24]} Rc8 {[%emt 0:00:06]} 24. Bg5 {[%emt 0:00:13]} Rfe8 {[%emt 0:00:
03]} 25. Bb5 {[%emt 0:00:03]} Nc7 {[%emt 0:00:24]} 26. Bxe8 {[%emt 0:00:03]}
Rxe8 {[%emt 0:00:00]} 27. d6 {[%emt 0:00:12]} exd6 {[%emt 0:00:10]} 28. exd6
Ne6 29. d7 {[%emt 0:00:10]} Rb8 {[%emt 0:00:07]} 30. Qxb8+ {[%emt 0:00:18]}
Qxb8 {[%emt 0:00:01]} 31. d8=Q+ {[%emt 0:00:03]} 1-0

[Event "GER-ch Blitz 2019"]
[Site "Magdeburg"]
[Date "2019.05.25"]
[Round "16.11"]
[White "Heidrich, Manfred"]
[Black "Hirneise, Jens"]
[Result "1/2-1/2"]
[WhiteElo "2351"]
[BlackElo "2375"]
[Annotator "NA"]
[PlyCount "41"]
[EventDate "2019.05.25"]
[EventType "tourn"]
[EventCountry "GER"]
[Tiebreak "Number of wins+Number of black wins"]
[SourceTitle "playchess.com"]
[Source "ChessBase"]
[SourceQuality "1"]
[TimeControl "180+2"]

1. e4 {[%emt 0:00:00]} c5 {[%emt 0:00:00]} 2. c3 {[%emt 0:00:00]} d6 {[%emt 0:
00:01]} 3. d4 {[%emt 0:00:01]} Nf6 {[%emt 0:00:01]} 4. dxc5 {[%emt 0:00:16]}
Nxe4 {[%emt 0:00:07]} 5. cxd6 {[%emt 0:00:00]} Nc6 {[%emt 0:00:07]} 6. Nf3 {
[%emt 0:00:06]} Nxd6 {[%emt 0:00:14]} 7. Be2 {[%emt 0:00:05]} g6 {[%emt 0:00:
02]} 8. O-O {[%emt 0:00:04]} Bg7 {[%emt 0:00:00]} 9. Nbd2 {[%emt 0:00:02]} O-O
{[%emt 0:00:02]} 10. Nc4 {[%emt 0:00:03]} Nxc4 {[%emt 0:00:08]} 11. Bxc4 {
[%emt 0:00:02]} Bg4 {[%emt 0:00:03]} 12. Qxd8 {[%emt 0:00:06]} Rfxd8 {[%emt 0:
00:18]} 13. Be2 {[%emt 0:00:06]} Bf5 {[%emt 0:00:10]} 14. Be3 {[%emt 0:00:04]}
Bd3 {[%emt 0:00:08]} 15. Bxd3 {[%emt 0:00:01]} Rxd3 {[%emt 0:00:01]} 16. Rfd1 {
[%emt 0:00:01]} Rad8 {[%emt 0:00:04]} 17. Rxd3 {[%emt 0:00:00]} Rxd3 {[%emt 0:
00:01]} 18. Kf1 {[%emt 0:00:01]} Kf8 {[%emt 0:00:16]} 19. Ke2 {[%emt 0:00:01]}
Rd7 {[%emt 0:00:04]} 20. Rd1 {[%emt 0:00:04]} Rxd1 {[%emt 0:00:02]} 21. Kxd1 {
[%emt 0:00:00]} 1/2-1/2

[Event "GER-ch Blitz 2019"]
[Site "Magdeburg"]
[Date "2019.05.25"]
[Round "16.12"]
[White "Frischmann, Rick"]
[Black "Svane, Frederik"]
[Result "1-0"]
[WhiteElo "2320"]
[BlackElo "2342"]
[Annotator "NA"]
[PlyCount "69"]
[EventDate "2019.05.25"]
[EventType "tourn"]
[EventCountry "GER"]
[Tiebreak "Number of wins+Number of black wins"]
[SourceTitle "playchess.com"]
[Source "ChessBase"]
[SourceQuality "1"]
[TimeControl "180+2"]

1. e4 {[%emt 0:00:00]} c5 {[%emt 0:00:01]} 2. Nf3 {[%emt 0:00:01]} e6 {[%emt 0:
00:00]} 3. d4 {[%emt 0:00:01]} cxd4 {[%emt 0:00:01]} 4. Nxd4 {[%emt 0:00:01]}
a6 {[%emt 0:00:01]} 5. c4 {[%emt 0:00:00]} Nf6 {[%emt 0:00:01]} 6. Nc3 {
[%emt 0:00:01]} Qc7 {[%emt 0:00:01]} 7. a3 {[%emt 0:00:02]} b6 {[%emt 0:00:01]}
8. Be3 {[%emt 0:00:01]} Bb7 {[%emt 0:00:01]} 9. f3 {[%emt 0:00:01]} d6 {
[%emt 0:00:02]} 10. Be2 {[%emt 0:00:02]} Nbd7 {[%emt 0:00:01]} 11. O-O {
[%emt 0:00:01]} Rc8 {[%emt 0:00:00]} 12. Rc1 {[%emt 0:00:03]} Qb8 {[%emt 0:00:
01]} 13. Qd2 {[%emt 0:00:01]} Be7 {[%emt 0:00:02]} 14. b4 {[%emt 0:00:02]} Bd8
{[%emt 0:00:01]} 15. Rfd1 {[%emt 0:00:02]} O-O {[%emt 0:00:14]} 16. Nb3 {
[%emt 0:00:01]} Bc7 {[%emt 0:00:02]} 17. Bf4 {[%emt 0:00:00]} Ne5 {[%emt 0:00:
01]} 18. Bxe5 {[%emt 0:00:01]} dxe5 {[%emt 0:00:01]} 19. c5 {[%emt 0:00:01]}
bxc5 {[%emt 0:00:23]} 20. Nxc5 {[%emt 0:00:01]} Bb6 {[%emt 0:00:04]} 21. N3a4 {
[%emt 0:00:01]} a5 {[%emt 0:01:24]} 22. Nxb6 {[%emt 0:00:01]} Rcd8 {[%emt 0:00:
35]} 23. Qe3 {[%emt 0:00:05]} Qa7 {[%emt 0:00:04]} 24. Nc4 {[%emt 0:00:10]}
axb4 {[%emt 0:00:02]} 25. axb4 {[%emt 0:00:01]} Bc6 {[%emt 0:00:06]} 26. Nxe5 {
[%emt 0:00:03]} Rxd1+ {[%emt 0:00:23]} 27. Rxd1 {[%emt 0:00:02]} Ba8 {[%emt 0:
00:04]} 28. Qd4 {[%emt 0:00:04]} h6 {[%emt 0:00:06]} 29. Ncd7 {[%emt 0:00:06]}
Qa4 {[%emt 0:00:09]} 30. Nxf6+ {[%emt 0:00:03]} gxf6 {[%emt 0:00:02]} 31. Ng4 {
[%emt 0:00:01]} e5 {[%emt 0:00:02]} 32. Qd2 {[%emt 0:00:04]} h5 {[%emt 0:00:04]
} 33. Nxf6+ {[%emt 0:00:05]} Kg7 {[%emt 0:00:02]} 34. Qg5+ {[%emt 0:00:01]} Kh8
35. Qh6# 1-0

[Event "GER-ch Blitz 2019"]
[Site "Magdeburg"]
[Date "2019.05.25"]
[Round "16.13"]
[White "Schulze, Marc"]
[Black "Zuyev, Igor"]
[Result "1/2-1/2"]
[WhiteElo "2220"]
[BlackElo "2447"]
[Annotator "NA"]
[PlyCount "29"]
[EventDate "2019.05.25"]
[EventType "tourn"]
[EventCountry "GER"]
[Tiebreak "Number of wins+Number of black wins"]
[SourceTitle "playchess.com"]
[Source "ChessBase"]
[SourceQuality "1"]
[TimeControl "180+2"]

1. d4 {[%emt 0:00:00]} Nf6 {[%emt 0:00:00]} 2. Bf4 {[%emt 0:00:01]} c5 {
[%emt 0:00:07]} 3. e3 {[%emt 0:00:01]} cxd4 {[%emt 0:00:16]} 4. exd4 {[%emt 0:
00:02]} d6 {[%emt 0:00:04]} 5. c3 {[%emt 0:00:03]} h6 {[%emt 0:00:05]} 6. h3 {
[%emt 0:00:02]} Bf5 {[%emt 0:00:07]} 7. Bd3 {[%emt 0:00:06]} Bxd3 {[%emt 0:00:
06]} 8. Qxd3 {[%emt 0:00:01]} e6 {[%emt 0:00:02]} 9. Nf3 {[%emt 0:00:03]} Be7 {
[%emt 0:00:05]} 10. Nbd2 {[%emt 0:00:01]} O-O {[%emt 0:00:05]} 11. O-O {
[%emt 0:00:03]} d5 {[%emt 0:00:05]} 12. Qb5 {[%emt 0:00:09]} Qd7 {[%emt 0:00:
05]} 13. Qxd7 {[%emt 0:00:02]} Nbxd7 {[%emt 0:00:04]} 14. Ne5 {[%emt 0:00:10]}
Nxe5 {[%emt 0:00:06]} 15. Bxe5 {[%emt 0:00:01]} 1/2-1/2

[Event "GER-ch Blitz 2019"]
[Site "Magdeburg"]
[Date "2019.05.25"]
[Round "16.14"]
[White "Stein, Robert"]
[Black "Zelbel, Patrick"]
[Result "0-1"]
[WhiteElo "2318"]
[BlackElo "2439"]
[Annotator "NA"]
[PlyCount "50"]
[EventDate "2019.05.25"]
[EventType "tourn"]
[EventCountry "GER"]
[Tiebreak "Number of wins+Number of black wins"]
[SourceTitle "playchess.com"]
[Source "ChessBase"]
[SourceQuality "1"]
[TimeControl "180+2"]

1. d4 {[%emt 0:00:00]} Nf6 {[%emt 0:00:00]} 2. c4 {[%emt 0:00:00]} e6 {[%emt 0:
00:00]} 3. g3 {[%emt 0:00:01]} c5 4. d5 exd5 5. cxd5 {[%emt 0:00:02]} d6 {
[%emt 0:00:01]} 6. Nc3 {[%emt 0:00:00]} g6 {[%emt 0:00:00]} 7. Bg2 Bg7 8. Nf3 {
[%emt 0:00:02]} O-O {[%emt 0:00:01]} 9. O-O {[%emt 0:00:01]} Re8 {[%emt 0:00:
01]} 10. Bf4 {[%emt 0:00:00]} Ne4 {[%emt 0:00:01]} 11. Nxe4 {[%emt 0:00:01]}
Rxe4 {[%emt 0:00:01]} 12. Nd2 {[%emt 0:00:01]} Rxf4 {[%emt 0:00:01]} 13. gxf4 {
[%emt 0:00:01]} Bxb2 14. Rb1 Bg7 15. e4 Nd7 {[%emt 0:00:19]} 16. Qf3 {[%emt 0:
00:16]} Bh6 {[%emt 0:00:07]} 17. Nc4 {[%emt 0:00:02]} Nb6 {[%emt 0:00:03]} 18.
Nxb6 {[%emt 0:00:11]} axb6 {[%emt 0:00:01]} 19. e5 {[%emt 0:00:01]} Ra4 {
[%emt 0:01:24]} 20. e6 {[%emt 0:00:33]} fxe6 {[%emt 0:00:36]} 21. dxe6 {
[%emt 0:00:04]} Bxe6 {[%emt 0:00:02]} 22. Qxb7 {[%emt 0:00:03]} Bxf4 {[%emt 0:
00:10]} 23. Rxb6 {[%emt 0:00:07]} Qh4 {[%emt 0:00:11]} 24. Re1 {[%emt 0:00:29]}
Bxh2+ {[%emt 0:00:17]} 25. Kf1 {[%emt 0:00:02]} Qc4+ {[%emt 0:00:11]} 0-1

[Event "GER-ch Blitz 2019"]
[Site "Magdeburg"]
[Date "2019.05.25"]
[Round "16.15"]
[White "Kopylov, Daniel"]
[Black "Schmaltz, Roland"]
[Result "0-1"]
[WhiteElo "2263"]
[BlackElo "2461"]
[Annotator "ChessBase"]
[PlyCount "64"]
[EventDate "2019.05.25"]
[EventType "tourn"]
[EventCountry "GER"]
[Tiebreak "Number of wins+Number of black wins"]
[SourceTitle "playchess.com"]
[Source "ChessBase"]
[SourceQuality "1"]
[TimeControl "180+2"]

1. e4 {[%emt 0:00:00]} c5 {[%emt 0:00:00]} 2. Nf3 {[%emt 0:00:00]} d6 {[%emt 0:
00:00]} 3. d4 {[%emt 0:00:01]} cxd4 {[%emt 0:00:00]} 4. Nxd4 {[%emt 0:00:01]}
Nf6 {[%emt 0:00:00]} 5. Nc3 {[%emt 0:00:01]} a6 {[%emt 0:00:01]} 6. Be3 {
[%emt 0:00:01]} e6 {[%emt 0:00:02]} 7. Be2 {[%emt 0:00:02]} h5 {[%emt 0:00:07]}
8. O-O {[%emt 0:00:14]} Nbd7 {[%emt 0:00:03]} 9. f4 {[%emt 0:00:10]} Qc7 {
[%emt 0:00:04]} 10. Bf3 {[%emt 0:00:02]} Rb8 {[%emt 0:00:09]} 11. Qd2 {[%emt 0:
00:07]} b5 {[%emt 0:00:03]} 12. Rae1 {[%emt 0:00:04]} Be7 {[%emt 0:00:06]} 13.
a3 {[%emt 0:00:14]} Bb7 {[%emt 0:00:05]} 14. Bf2 {[%emt 0:00:19]} Ng4 {[%emt 0:
00:13]} 15. Nd5 {[%emt 0:00:48]} exd5 {[%emt 0:00:08]} 16. exd5 {[%emt 0:00:01]
} Kf8 {[%emt 0:00:11]} 17. Rxe7 {[%emt 0:01:02]} Kxe7 {[%emt 0:00:02]} 18. Nf5+
{[%emt 0:00:11]} Kf8 {[%emt 0:00:03]} 19. Bd4 {[%emt 0:00:02]} Ngf6 {[%emt 0:
00:09]} 20. Nxg7 {[%emt 0:00:14]} Kxg7 {[%emt 0:00:09]} 21. f5 {[%emt 0:00:00]}
Qd8 {[%emt 0:00:13]} 22. Qg5+ {[%emt 0:00:02]} Kf8 {[%emt 0:00:00]} 23. Re1 {
[%emt 0:00:04]} Ne5 {[%emt 0:00:07]} 24. Rxe5 {[%emt 0:00:05]} dxe5 {[%emt 0:
00:01]} 25. Bc5+ {[%emt 0:00:00]} Ke8 {[%emt 0:00:04]} 26. a4 {[%emt 0:00:01]}
Rg8 {[%emt 0:00:11]} 27. Qe3 {[%emt 0:00:01]} Nd7 {[%emt 0:00:11]} 28. Bd6 {
[%emt 0:00:01]} Qg5 {[%emt 0:00:05]} 29. Qa7 {[%emt 0:00:05]} Qc1+ 30. Kf2 Qd2+
{[%emt 0:00:08]} 31. Kg1 {[%emt 0:00:01]} Qd4+ {[%emt 0:00:01]} 32. Qxd4 {
[%emt 0:00:03]} exd4 {[%emt 0:00:01]} 0-1

[Event "GER-ch Blitz 2019"]
[Site "Magdeburg"]
[Date "2019.05.25"]
[Round "17.1"]
[White "Gustafsson, Jan"]
[Black "Braeuning, Rudolf Wilhelm"]
[Result "1-0"]
[WhiteElo "2639"]
[BlackElo "2285"]
[Annotator "ChessBase"]
[PlyCount "83"]
[EventDate "2019.05.25"]
[EventType "tourn"]
[EventCountry "GER"]
[Tiebreak "Number of wins+Number of black wins"]
[SourceTitle "playchess.com"]
[Source "ChessBase"]
[SourceQuality "1"]
[TimeControl "180+2"]

1. Nf3 {[%emt 0:00:00]} Nf6 {[%emt 0:00:03]} 2. c4 {[%emt 0:00:01]} Nc6 {
[%emt 0:00:02]} 3. d4 {[%emt 0:00:02]} e6 {[%emt 0:00:01]} 4. Nc3 {[%emt 0:00:
04]} Bb4 {[%emt 0:00:01]} 5. Qc2 {[%emt 0:00:01]} d5 {[%emt 0:00:10]} 6. a3 {
[%emt 0:00:16]} Bxc3+ {[%emt 0:00:02]} 7. Qxc3 {[%emt 0:00:01]} Ne4 {[%emt 0:
00:01]} 8. Qc2 {[%emt 0:00:01]} e5 {[%emt 0:00:03]} 9. e3 {[%emt 0:00:05]} Bf5
{[%emt 0:00:25]} 10. Bd3 {[%emt 0:00:04]} exd4 {[%emt 0:00:13]} 11. exd4 {
[%emt 0:00:04]} O-O {[%emt 0:00:02]} 12. O-O {[%emt 0:00:03]} Re8 {[%emt 0:00:
01]} 13. c5 {[%emt 0:00:02]} Qf6 {[%emt 0:00:08]} 14. Be3 {[%emt 0:00:13]} Bg4
{[%emt 0:00:07]} 15. Ne5 {[%emt 0:00:10]} Nxe5 {[%emt 0:00:24]} 16. dxe5 {
[%emt 0:00:02]} Qxe5 {[%emt 0:00:02]} 17. Rae1 {[%emt 0:00:19]} Nf6 {[%emt 0:
00:21]} 18. c6 {[%emt 0:00:10]} bxc6 {[%emt 0:00:08]} 19. b4 {[%emt 0:00:15]}
Bd7 {[%emt 0:00:12]} 20. f3 {[%emt 0:00:04]} a5 {[%emt 0:00:05]} 21. bxa5 {
[%emt 0:00:11]} Qd6 {[%emt 0:00:17]} 22. Bc5 {[%emt 0:00:05]} Qf4 {[%emt 0:00:
27]} 23. a6 {[%emt 0:00:01]} h5 {[%emt 0:00:09]} 24. a7 {[%emt 0:00:05]} h4 {
[%emt 0:00:01]} 25. Rxe8+ {[%emt 0:00:07]} Nxe8 {[%emt 0:00:09]} 26. h3 {
[%emt 0:00:09]} Nd6 {[%emt 0:00:02]} 27. Rb1 {[%emt 0:00:07]} Nb5 {[%emt 0:00:
11]} 28. Qf2 {[%emt 0:00:08]} g6 {[%emt 0:00:05]} 29. Bf1 {[%emt 0:00:08]} d4 {
[%emt 0:00:02]} 30. Rb4 {[%emt 0:00:09]} Nxa7 {[%emt 0:00:01]} 31. Rxd4 {
[%emt 0:00:01]} Qf5 {[%emt 0:00:01]} 32. Bxa7 {[%emt 0:00:04]} Rxa7 {[%emt 0:
00:01]} 33. Rxd7 {[%emt 0:00:02]} Qxd7 34. Qxa7 {[%emt 0:00:01]} Qd6 {[%emt 0:
00:06]} 35. a4 {[%emt 0:00:04]} c5 {[%emt 0:00:01]} 36. Qa6 {[%emt 0:00:01]}
Qd4+ {[%emt 0:00:02]} 37. Kh1 {[%emt 0:00:01]} Qf2 {[%emt 0:00:05]} 38. a5 {
[%emt 0:00:03]} g5 {[%emt 0:00:02]} 39. Qe2 {[%emt 0:00:03]} Qd4 {[%emt 0:00:
01]} 40. a6 {[%emt 0:00:01]} g4 {[%emt 0:00:01]} 41. fxg4 {[%emt 0:00:02]} c4 {
[%emt 0:00:01]} 42. Qxc4 1-0